| 000 | 02288nam0a2200301 i 4500 | ||
|---|---|---|---|
| 001 | RU\NLR\BIBL_A\011298264 | ||
| 005 | 20240921194248.0 | ||
| 010 |
_a9785889993759 _9100 |
||
| 021 |
_aRU _b2016-93660 _96200 |
||
| 035 | _a(NLR Aleph) 011298264 | ||
| 090 |
_a10961712 _c10961712 |
||
| 100 | _a20161222d2016 k y0rusy50 ca | ||
| 101 | 0 | _arus | |
| 102 | _aRU | ||
| 105 | _ay j 000zy | ||
| 200 | 1 |
_aИндивидуальные методы профилактики стоматологических заболеваний _eучебно-методическое пособие для студентов 3 курса стоматологического факультета по специальности 060201 - Стоматология по модулю "Профилактика и коммунальная стоматология" _fМ-во здравоохранения Рос. Федерации, Гос. бюджет. образоват. учреждение высш. проф. образования "Первый С.-Петерб. гос. мед. ун-т им. акад. И.П. Павлова", Каф. стоматологии профилакт. _g[засл. врач РФ, засл. стоматолог СтАР, д.м.н., проф. С.Б. Улитовский и др.] _gпод ред. засл. врача РФ, засл. стоматолога СтАР, проф. С.Б. Улитовского |
|
| 210 |
_aСанкт-Петербург _cРИЦ ПСПбГМУ _d2016 |
||
| 215 |
_a38 с. _d21 |
||
| 320 | _aБиблиогр.: с. 33-38 | ||
| 606 | 1 |
_aСтоматологические болезни _jУчебно-методические пособия для высших учебных заведений _xПрофилактика _91754103 _3RU\NLR\AUTH\661081551 |
|
| 686 | 1 | _aР661-8я73 | |
| 702 | 1 |
_aУлитовский _bС. Б. _gСергей Борисович _4220 _4340 |
|
| 712 | 0 | 2 |
_4570 _aСанкт-Петербургский государственный медицинский университет им. И. П. Павлова _bКафедра стоматологии профилактической _9542413 _3RU\NLR\AUTH\880439107 |
| 942 | _cBOOK | ||
| 980 | _aNBR | ||